Proyecto educativo institucional y proyecto de gestión de la escuela de educación general básica /
Guardado en:
| Autor Principal: | |
|---|---|
| Otros Autores: | |
| Formato: | Libro |
| Publicado: |
Bah¡a Blanca :
Cems,
2001
|
| Materias: | |
| Etiquetas: |
Agregar Etiqueta
Sin Etiquetas, Sea el primero en etiquetar este registro!
|
| LEADER | 00677nam a22001935a 4500 | ||
|---|---|---|---|
| 001 | CEM.cems011597 | ||
| 005 | 20060214000000.0 | ||
| 008 | 130507s2001##################000#0#####d | ||
| 003 | CEMS | ||
| 082 | 0 | 4 | |a F370 |
| 100 | 1 | |a Universidad Nacional del Sur. Escuela de Educación General Básica | |
| 245 | 1 | 0 | |a Proyecto educativo institucional y proyecto de gestión de la escuela de educación general básica / |
| 260 | |a Bah¡a Blanca : |b Cems, |c 2001 | ||
| 300 | |a 145 p. | ||
| 653 | |a Educacion | ||
| 653 | |a Escuela de educacion general b | ||
| 653 | |a Proyecto educativo institucion | ||
| 700 | 1 | |a Giagante De Vercesi Vilma | |
| 859 | |a CEMS |b BIB. CEMS - 11 de abril |h F370 |i 101 |p 1910.44 |t Ej.1 | ||
